Normal view
MARC view
Entry Personal Name
001 - CONTROL NUMBER
- control field: 79922
003 - CONTROL NUMBER IDENTIFIER
- control field: dpl
005 - DATE AND TIME OF LATEST TRANSACTION
- control field: 20250326122324.0
008 - FIXED-LENGTH DATA ELEMENTS
- fixed length control field: 250326|| aca||aabn | a|a d
040 ## - CATALOGING SOURCE
- Original cataloging agency: dpl
- Transcribing agency: dpl
100 ## - HEADING--PERSONAL NAME
- Personal name: Rejimon,p.m
670 ## - SOURCE DATA FOUND
- Source citation: Work cat.: (dpl)210508: Rejimon,p.m, Microeconomics: theory and application -II;, 2019
